[Event "Hamburg-ch MA"]
[Site "Hamburg"]
[Date "2018.05.22"]
[Round "4"]
[White "Jantzen, Hans Joerg"]
[Black "Kuberczyk, Christoph"]
[Result "0-1"]
[WhiteElo "2137"]
[BlackElo "2244"]
[PlyCount "90"]
[EventDate "2018.05.01"]
[EventType "swiss"]
[EventRounds "9"]
[EventCountry "GER"]
[SourceTitle "EXT 2020"]
[Source "ChessBase"]
[SourceDate "2019.10.17"]
[SourceVersion "1"]
[SourceVersionDate "2019.10.17"]
[SourceQuality "1"]

1. d4 d5 2. Bf4 c5 3. e3 Nc6 4. c3 Qb6 5. Qb3 c4 6. Qc2 e5 7. dxe5 Bf5 8. Qc1 g5 9. Bg3 h5 10. h4 gxh4 11. Bf4 Bg7 12. Nf3 Nge7 13. Nbd2 Ng6 14. Nxh4 Nxh4 15. Rxh4 Bxe5 16. Nf3 Bf6 17. Rh1 0-0-0 18. Be2 h4 19. Qd2 Qa5 20. Bg5 Bxg5 21. Nxg5 Qc7 22. Nf3 Be4 23. b3 Kb8 24. 0-0-0 cxb3 25. axb3 Qb6 26. Kb2 Na5 27. b4 Nc4+ 28. Bxc4 dxc4 29. Qe2 Bd3 30. Qe1 a5 31. Nd4 Rh6 32. Ra1 axb4 33. Kc1 Rxd4 34. exd4 Re6 35. Qd2 Qd6 36. Rxh4 Re2 37. Qf4 Re1+ 38. Kb2 Re2+ 39. Kc1 Re1+ 40. Kb2 bxc3+ 41. Kxc3 Qxf4 42. Rxf4 Rxa1 43. Rxf7 Rc1+ 44. Kb4 c3 45. d5 c2 0-1

[Event "Hamburg-ch MA"]
[Site "Hamburg"]
[Date "2018.05.20"]
[Round "2"]
[White "Jantzen, Hans Joerg"]
[Black "Schroeder, Christoph"]
[Result "1/2-1/2"]
[WhiteElo "2137"]
[BlackElo "2186"]
[PlyCount "45"]
[EventDate "2018.05.01"]
[EventType "swiss"]
[EventRounds "9"]
[EventCountry "GER"]
[SourceTitle "EXT 2020"]
[Source "ChessBase"]
[SourceDate "2019.10.17"]
[SourceVersion "1"]
[SourceVersionDate "2019.10.17"]
[SourceQuality "1"]

1. d4 d5 2. Bf4 Nf6 3. e3 e6 4. c3 Bd6 5. Bg3 c5 6. Nd2 Nc6 7. Ngf3 0-0 8. Bd3 b6 9. Ne5 Bb7 10. f4 Ne7 11. Qf3 Nf5 12. Bf2 Be7 13. g4 Nd6 14. Bh4 Nfe4 15. Bxe7 Qxe7 16. Qh3 a5 17. g5 Ba6 18. Bxe4 dxe4 19. Ng4 Bb7 20. Rg1 Kh8 21. Ne5 Kg8 22. Ng4 Kh8 23. Ne5 1/2-1/2

[Event "Hamburg-ch MA"]
[Site "Hamburg"]
[Date "2017.06.11"]
[Round "9"]
[White "Jantzen, Hans Joerg"]
[Black "Urban, Ralf Dieter"]
[Result "0-1"]
[WhiteElo "2179"]
[BlackElo "2071"]
[PlyCount "68"]
[EventDate "2017.06.03"]
[EventType "swiss"]
[EventRounds "9"]
[EventCountry "GER"]
[SourceTitle "CBM 179 Extra"]
[Source "ChessBase"]
[SourceDate "2017.08.23"]
[SourceVersion "1"]
[SourceVersionDate "2017.08.23"]
[SourceQuality "1"]

1. Nf3 Nf6 2. c4 c5 3. g3 g6 4. b3 Bg7 5. Bb2 0-0 6. Bg2 Nc6 7. 0-0 d6 8. d3 e5 9. Nbd2 h6 10. a3 Be6 11. e3 Nd7 12. Qc2 f5 13. Rfe1 Bf7 14. h3 Qc7 15. Nh2 Nf6 16. Rad1 Rad8 17. Nb1 b6 18. Bxc6 Qxc6 19. e4 Be6 20. h4 Rf7 21. Nc3 Rdf8 22. f3 Nh5 23. Ne2 Bf6 24. Bc1 f4 25. gxf4 Bxh4 26. f5 gxf5 27. Bxh6 Re8 28. Rf1 f4 29. Kh1 Rh7 30. Rg1+ Ng3+ 31. Nxg3 Bxg3 32. Rxg3+ fxg3 33. Qd2 Kf7 34. Qg5 Rg8 0-1

[Event "Oberliga Nord N 1617"]
[Site "Germany"]
[Date "2017.04.23"]
[Round "8.8"]
[White "Buchholz, Robert"]
[Black "Jantzen, Hans Joerg"]
[Result "0-1"]
[WhiteElo "1999"]
[BlackElo "2165"]
[PlyCount "84"]
[EventDate "2016.10.16"]
[EventType "team-tourn"]
[EventRounds "9"]
[EventCountry "GER"]
[SourceTitle "EXT 2018"]
[Source "ChessBase"]
[SourceDate "2017.10.13"]
[SourceVersion "1"]
[SourceVersionDate "2017.10.13"]
[SourceQuality "1"]
[WhiteTeam "Hamburg Diogenes"]
[BlackTeam "Hamburger SK"]
[WhiteTeamCountry "GER"]
[BlackTeamCountry "GER"]

1. d4 Nf6 2. c4 e6 3. Nf3 b6 4. Bg5 h6 5. Bxf6 Qxf6 6. g3 Bb7 7. Bg2 Bb4+ 8. Nbd2 0-0 9. 0-0 Re8 10. a3 Bf8 11. Qc2 g6 12. e4 Bg7 13. b4 Qe7 14. Ra2 d6 15. Nb3 e5 16. d5 c5 17. bxc5 dxc5 18. Bh3 Na6 19. Ne1 Rf8 20. Nd3 Nc7 21. a4 Ne8 22. a5 Nd6 23. Nd2 f5 24. exf5 gxf5 25. Rb1 Qc7 26. axb6 axb6 27. Rxa8 Rxa8 28. f4 e4 29. Ne5 b5 30. cxb5 c4 31. Nc6 Qb6+ 32. Kh1 Qf2 33. Rf1 Qe2 34. Ne7+ Kh8 35. Qd1 Qd3 36. Ng6+ Kh7 37. Ne5 Qxd5 38. Ndxc4 Nxc4 39. Bxf5+ Kg8 40. Qxd5+ Bxd5 41. Rd1 Ne3 42. Rc1 Nxf5 0-1

[Event "Hamburg Daehne Cup"]
[Site "Hamburg"]
[Date "2014.09.13"]
[Round "1"]
[White "Obreht, Slobodan"]
[Black "Jantzen, Hans Joerg"]
[Result "0-1"]
[WhiteElo "1840"]
[BlackElo "2056"]
[PlyCount "74"]
[EventDate "2014.09.13"]
[EventType "k.o."]
[EventRounds "5"]
[EventCountry "GER"]
[SourceTitle "EXT 2022"]
[Source "ChessBase"]
[SourceDate "2021.10.06"]
[SourceVersion "1"]
[SourceVersionDate "2021.10.06"]
[SourceQuality "1"]

1. Nf3 Nf6 2. c4 c5 3. Nc3 Nc6 4. g3 g6 5. Bg2 Bg7 6. 0-0 0-0 7. d3 d6 8. Bg5 h6 9. Bc1 a6 10. Nd2 Rb8 11. Rb1 Bd7 12. a4 Qc8 13. Re1 Bh3 14. Bh1 Ng4 15. Nf3 Nge5 16. Nxe5 dxe5 17. Be3 Nb4 18. Qd2 Kh7 19. a5 f5 20. Na4 f4 21. Bxc5 Nc6 22. Nb6 Qf5 23. Be4 Qh5 24. b4 Nd4 25. Bxe7 fxg3 26. fxg3 Rf7 27. Bc5 Bf8 28. Bxd4 exd4 29. Nd5 Bd6 30. e3 Rbf8 31. exd4 Qg4 32. Ne3 Qg5 33. Qe2 Bxg3 34. hxg3 Qxg3+ 35. Ng2 Rf2 36. Rb2 Bxg2 37. Bxg2 Qxg2# 0-1

[Event "Lueneburg op"]
[Site "Lueneburg"]
[Date "2014.08.17"]
[Round "9"]
[White "Jantzen, Hans Joerg"]
[Black "Fuchs, Judith"]
[Result "0-1"]
[WhiteElo "2107"]
[BlackElo "2293"]
[PlyCount "92"]
[EventDate "2014.08.09"]
[EventType "swiss"]
[EventRounds "9"]
[EventCountry "GER"]
[SourceTitle "CBM 161 Extra"]
[Source "ChessBase"]
[SourceDate "2014.08.29"]
[SourceVersion "1"]
[SourceVersionDate "2014.08.29"]
[SourceQuality "1"]

1. e4 c5 2. Nf3 d6 3. Bb5+ Nd7 4. 0-0 Ngf6 5. Re1 a6 6. Bf1 e6 7. b3 Be7 8. Bb2 0-0 9. e5 dxe5 10. Nxe5 Qc7 11. Na3 b5 12. Qf3 Bb7 13. Qh3 Bd6 14. Nxd7 Nxd7 15. Bd3 h6 16. c4 b4 17. Nc2 Be5 18. Rxe5 Nxe5 19. Qg3 f6 20. Re1 Rad8 21. Bxe5 fxe5 22. Qg6 Rf6 23. Qh7+ Kf7 24. Be2 Rg8 25. Bh5+ Kf8 26. Ne3 Qd8 27. Qc2 g6 28. Be2 h5 29. d3 Qd4 30. Qc1 Kg7 31. a3 Rgf8 32. Rf1 bxa3 33. Qxa3 Rxf2 34. Rxf2 Qxe3 35. Bf3 Bxf3 36. gxf3 Rxf3 37. Qb2 a5 38. Kg2 Rxf2+ 39. Qxf2 Qxf2+ 40. Kxf2 Kf6 41. Kf3 Kf5 42. h3 g5 43. Ke3 g4 44. h4 g3 45. Kf3 g2 46. Kxg2 Kg4 0-1

[Event "Kiel op-A 26th"]
[Site "Kiel"]
[Date "2013.07.28"]
[Round "3"]
[White "Jantzen, Hans Joerg"]
[Black "Lanka, Zigurds"]
[Result "0-1"]
[WhiteElo "2131"]
[BlackElo "2427"]
[PlyCount "88"]
[EventDate "2013.07.27"]
[EventType "swiss"]
[EventRounds "9"]
[EventCountry "GER"]
[SourceTitle "EXT 2018"]
[Source "ChessBase"]
[SourceDate "2017.10.13"]
[SourceVersion "1"]
[SourceVersionDate "2017.10.13"]
[SourceQuality "1"]

1. e4 c5 2. Nf3 e6 3. d4 cxd4 4. Nxd4 a6 5. Bd3 Bc5 6. Nb3 Ba7 7. Nc3 Nc6 8. Qe2 d6 9. a4 Nge7 10. Be3 e5 11. Bxa7 Rxa7 12. 0-0 Be6 13. Bc4 0-0 14. Rfd1 Ng6 15. Nd5 Ra8 16. g3 Kh8 17. Ne3 Qc7 18. c3 Rac8 19. Bd5 Nce7 20. a5 Nxd5 21. Nxd5 Bxd5 22. Rxd5 f5 23. Rad1 Rf6 24. Qd2 Qc4 25. Nc1 Rc6 26. exf5 Ne7 27. Rd3 Nxf5 28. Qe2 Qf7 29. f3 Rc8 30. Qe4 Rf8 31. Ne2 Qc7 32. b4 Ne7 33. f4 Ng6 34. Rf1 exf4 35. gxf4 b6 36. axb6 Qxb6+ 37. Qd4 Qb5 38. Qd5 Qe8 39. Qg2 Nxf4 40. Nxf4 Rxf4 41. Rxf4 Rxf4 42. Qg3 Qf8 43. Kg2 Rf6 44. Kh1 Qa8+ 0-1

[Event "Kiel op-A 26th"]
[Site "Kiel"]
[Date "2013.07.27"]
[Round "1"]
[White "Moeller, Dustin"]
[Black "Jantzen, Hans Joerg"]
[Result "0-1"]
[WhiteElo "1748"]
[BlackElo "2131"]
[PlyCount "74"]
[EventDate "2013.07.27"]
[EventType "swiss"]
[EventRounds "9"]
[EventCountry "GER"]
[SourceTitle "EXT 2018"]
[Source "ChessBase"]
[SourceDate "2017.10.13"]
[SourceVersion "1"]
[SourceVersionDate "2017.10.13"]
[SourceQuality "1"]

1. c4 c5 2. g3 Nc6 3. Bg2 g6 4. Nc3 Bg7 5. a3 e5 6. b4 Nge7 7. bxc5 0-0 8. Ne4 Qa5 9. Bb2 f5 10. Bc3 Qa6 11. Nd6 Nd4 12. d3 Nec6 13. Bd5+ Ne6 14. Nb5 Rf7 15. e3 f4 16. gxf4 exf4 17. d4 fxe3 18. fxe3 b6 19. cxb6 Qxb6 20. Nd6 Rf8 21. Nf3 Rb8 22. c5 Qc7 23. Ng5 Ne7 24. Nxc8 Nxd5 25. Nxe6 dxe6 26. Nd6 Nxc3 27. Qd3 Nd5 28. Nc4 Qb7 29. Qe4 Qb3 30. Qxe6+ Kh8 31. Qxd5 Qc3+ 32. Ke2 Rb2+ 33. Nxb2 Qc2+ 34. Ke1 Rf2 35. Qd8+ Bf8 36. Qxf8+ Rxf8 37. Nd1 Qg2 0-1

[Event "Hamburg St Pauli op-A"]
[Site "Hamburg"]
[Date "2013.07.06"]
[Round "1"]
[White "Poghosyan, Tigran"]
[Black "Jantzen, Hans Joerg"]
[Result "1-0"]
[WhiteElo "1923"]
[BlackElo "2131"]
[PlyCount "55"]
[EventDate "2013.07.06"]
[EventType "swiss"]
[EventRounds "9"]
[EventCountry "GER"]
[SourceTitle "CBM 155 Extra"]
[Source "ChessBase"]
[SourceDate "2013.08.26"]
[SourceVersion "1"]
[SourceVersionDate "2013.08.26"]
[SourceQuality "1"]

1. e4 c5 2. Nf3 e6 3. d4 cxd4 4. Nxd4 Nf6 5. Nc3 Nc6 6. Ndb5 d6 7. Bf4 e5 8. Bg5 a6 9. Na3 b5 10. Nd5 Be7 11. Bxf6 Bxf6 12. c4 b4 13. Nc2 0-0 14. g3 Bg5 15. Bg2 Rb8 16. b3 Qa5 17. 0-0 Qc5 18. Kh1 a5 19. f4 exf4 20. gxf4 Bh6 21. Qd3 f5 22. Rad1 g6 23. Nce3 fxe4 24. Bxe4 Bg7 25. Rg1 Bb7 26. Bxg6 hxg6 27. Qxg6 Rf7 28. Nf5 1-0

[Event "Hamburg-ch"]
[Site "Hamburg"]
[Date "1996.??.??"]
[Round "6"]
[White "Jantzen, Hans Joerg"]
[Black "Kammer, Roland"]
[Result "1-0"]
[WhiteElo "2245"]
[BlackElo "2110"]
[PlyCount "113"]
[EventDate "1996.??.??"]
[EventType "swiss"]
[EventRounds "9"]
[EventCountry "GER"]
[SourceTitle "EXT 2014"]
[Source "ChessBase"]
[SourceDate "2013.11.20"]
[SourceVersion "1"]
[SourceVersionDate "2013.11.20"]
[SourceQuality "1"]

1. e4 c5 2. Nf3 e6 3. d4 cxd4 4. Nxd4 Nf6 5. Nc3 Nc6 6. Ndb5 d6 7. Bf4 e5 8. Bg5 a6 9. Na3 Be6 10. Nc4 Rc8 11. Ne3 Ne7 12. Bxf6 gxf6 13. Bd3 Qb6 14. Qc1 Bh6 15. 0-0 Rg8 16. Kh1 Qc6 17. Qe1 f5 18. f4 Bxf4 19. Rxf4 exf4 20. Ned5 fxe4 21. Nf6+ Kf8 22. Nxh7+ Kg7 23. Bxe4 d5 24. Bd3 Ng6 25. Ng5 Kf8 26. Qe2 Qd6 27. Re1 Re8 28. Bxg6 Rxg6 29. Qh5 Ke7 30. Nf3 Reg8 31. Qxd5 Qxd5 32. Nxd5+ Kf8 33. Nxf4 Rg4 34. Nxe6+ fxe6 35. Re2 Ke7 36. h3 Ra4 37. a3 Ra5 38. Nd4 Rg6 39. Kh2 Rd5 40. Nf3 Rd1 41. h4 Rb1 42. c3 Rd1 43. Ne5 Rf6 44. g4 Rff1 45. Kg3 Rde1 46. Rxe1 Rxe1 47. Kf4 Rb1 48. h5 Rxb2 49. h6 Rh2 50. Kg5 Kd6 51. Nf7+ Kd5 52. Kg6 e5 53. h7 Rxh7 54. Kxh7 e4 55. c4+ Kc5 56. g5 e3 57. Ne5 1-0

[Event "Koop Tjuchem op"]
[Site "Groningen"]
[Date "1996.??.??"]
[Round "1"]
[White "Jantzen, Hans Joerg"]
[Black "Mikhalevski, Victor"]
[Result "0-1"]
[WhiteElo "2245"]
[BlackElo "2500"]
[PlyCount "34"]
[EventDate "1996.12.20"]
[EventType "swiss"]
[EventRounds "11"]
[EventCountry "NED"]
[SourceTitle "EXT 1998"]
[Source "ChessBase"]
[SourceDate "1997.11.17"]
[SourceVersion "1"]
[SourceVersionDate "1997.11.17"]
[SourceQuality "1"]

1. e4 e5 2. f4 Bc5 3. Nf3 d6 4. c3 Nf6 5. d3 0-0 6. Qe2 exf4 7. Bxf4 Re8 8. Nbd2 Nd5 9. g3 Nxf4 10. gxf4 Qf6 11. d4 Bb6 12. Qe3 c5 13. Bc4 cxd4 14. cxd4 Nc6 15. Nb3 d5 16. Bd3 dxe4 17. Bc4 Be6 0-1